| 000 | 004800000a22001690004500 | ||
|---|---|---|---|
| 090 |
_aAR _b02125 |
||
| 245 | 1 | 0 | _aConocimiento tradicional y biodiversidad |
| 650 | 1 | 4 |
_aBiodiversidad _992204 |
| 650 | 1 | 4 |
_aDisturbios antrópicos _993298 |
| 650 | 1 | 4 |
_aIndígenas _993177 |
| 650 | 1 | 4 |
_aUsos tradicionales de los recursos _995596 |
| 651 | 4 |
_pColombia _992749 |
|
| 041 | 0 | _aEspañol | |
| 100 | 1 |
_aYepes Pérez, Fabio _995597 |
|
| 942 | _cARTICULO | ||
| 773 | 1 |
_tPreprint _33 _q50-57 _d1992? |
|
| 999 |
_c11201 _d11201 |
||